00237nam a2200085Ia 450000500170000000800410001724500660005826000100012499900170013420250523150955.0250523s9999 xx 000 0 und d 0aEce Yüce/Minik Fide Çiçek AçtıcGülten Dayıoğlu bALTIN c11953d11953